| 000 | 00775nam a2200229 a 4500 | ||
|---|---|---|---|
| 999 |
_c5336 _d5336 |
||
| 003 | BD-JhCC | ||
| 005 | 20171212194034.0 | ||
| 008 | 851003r19631925enka 000 0 eng d | ||
| 035 | _a(BD-JhCC) | ||
| 040 |
_aRBN _cRBN _dEQO |
||
| 041 | _aeng | ||
| 082 |
_a 516.242 _bLON 1963 |
||
| 100 | 1 |
_aLoney, S. L. _q(Sidney Luxton), _d1860-1939. |
|
| 245 | 1 | 0 |
_aPlane trigonometry : _bPart I / _cS. L. Loney, |
| 250 | _a5th Edi. | ||
| 260 |
_aCambridge [Eng.] : _bUniversity press, _c1925 [Reprinted 1963.] |
||
| 300 |
_axvi, 1 l. 480, xxvi p. _bdiagrs. _c19 cm. |
||
| 500 | _apt. 1. Geometrical trigonometry.--pt. 2. Analytical trigonometry. An Elementary Course, Excluding the use of Imaginary Quantities. | ||
| 650 | 0 | _aPlane trigonometry. | |
| 942 |
_2ddc _cBK |
||